00519nam a22001817a 450000500170000000800410001702000230005804000140008104100060009508200150010110000220011624500390013825000190017726000350019630000240023150400570025565000250031220241017094332.0241017b sa ||||| |||| 00| 0 eng d a9780796323071qpbk aRDAc3228 2A 223aAF VOS a Vos, Cas d1945- aLigloop op jou lewenspadcCas Vos. aEerste uitgawe aKaapstad :bLux Verbi, c2022. a381 pages ; c23 cm 6Includes bibliographical references (pages 380-381). aDevotional calendars